| 000 | 00647nam a2200205Ia 4500 | ||
|---|---|---|---|
| 003 | OSt | ||
| 005 | 20250403154216.0 | ||
| 008 | 220923b |||||||| |||| 00| 0 eng d | ||
| 020 | _a9780394700144 | ||
| 037 | _cGeneral Book | ||
| 040 |
_aRTL _cRTL _beng |
||
| 041 |
_2eng _aeng |
||
| 100 |
_aFreud, Sigmund _942725 |
||
| 245 | 0 | _aMoses and monotheism. Tr. from the German by Katherine Jones | |
| 260 |
_aNew York _bVintage Books _c1939 |
||
| 300 |
_aviii, 178 _ccm. |
||
| 500 | _aGlossary: P 177-78; Scanned | ||
| 942 |
_hSxM56, G9/NTI _cGB _2CC _n0 |
||
| 999 |
_c640394 _d640394 |
||